<?xml version="1.0" encoding="UTF-8"?>
<record
    xmlns:xsi="http://www.w3.org/2001/XMLSchema-instance"
    xsi:schemaLocation="http://www.loc.gov/MARC21/slim http://www.loc.gov/standards/marcxml/schema/MARC21slim.xsd"
    xmlns="http://www.loc.gov/MARC21/slim">

  <leader>00799nam a22002417a 4500</leader>
  <controlfield tag="005">20231102151816.0</controlfield>
  <controlfield tag="008">150421b19782009mx     fr     001 0 spa d</controlfield>
  <datafield tag="020" ind1=" " ind2=" ">
    <subfield code="a">9700771113</subfield>
  </datafield>
  <datafield tag="050" ind1="0" ind2="4">
    <subfield code="a">HV6025</subfield>
    <subfield code="b">O74 2009</subfield>
  </datafield>
  <datafield tag="100" ind1="1" ind2=" ">
    <subfield code="a">Orellana Wiarco, Octavio A.</subfield>
    <subfield code="e">autor</subfield>
    <subfield code="9">17841</subfield>
  </datafield>
  <datafield tag="245" ind1="1" ind2="0">
    <subfield code="a">Manual de criminolog&#xED;a</subfield>
    <subfield code="c">/ Octavio A. Orellano Wiarco</subfield>
  </datafield>
  <datafield tag="250" ind1=" " ind2=" ">
    <subfield code="a">12a. edici&#xF3;n</subfield>
  </datafield>
  <datafield tag="260" ind1="3" ind2=" ">
    <subfield code="a">M&#xE9;xico</subfield>
    <subfield code="b"> :Porr&#xFA;a</subfield>
    <subfield code="c">,2009</subfield>
  </datafield>
  <datafield tag="300" ind1=" " ind2=" ">
    <subfield code="a">385 p&#xE1;ginas</subfield>
  </datafield>
  <datafield tag="336" ind1=" " ind2=" ">
    <subfield code="a">texto</subfield>
  </datafield>
  <datafield tag="337" ind1=" " ind2=" ">
    <subfield code="a">sin medio</subfield>
  </datafield>
  <datafield tag="338" ind1=" " ind2=" ">
    <subfield code="a">vol&#xFA;mne</subfield>
  </datafield>
  <datafield tag="500" ind1=" " ind2=" ">
    <subfield code="a">Educaci&#xF3;n mixta
Lic. Derecho / Sustituci&#xF3;n/ (13 002454) (13 002455)</subfield>
  </datafield>
  <datafield tag="504" ind1=" " ind2=" ">
    <subfield code="a">Contiene bibliograf&#xED;a p.p. 375-382</subfield>
  </datafield>
  <datafield tag="650" ind1="1" ind2="0">
    <subfield code="x">CRIMINOLOG&#xCD;A</subfield>
    <subfield code="v">MANUALES</subfield>
    <subfield code="9">10648</subfield>
  </datafield>
  <datafield tag="942" ind1=" " ind2=" ">
    <subfield code="2">lcc</subfield>
    <subfield code="c">LB</subfield>
  </datafield>
  <datafield tag="952" ind1=" " ind2=" ">
    <subfield code="0">0</subfield>
    <subfield code="1">0</subfield>
    <subfield code="2">lcc</subfield>
    <subfield code="4">0</subfield>
    <subfield code="7">0</subfield>
    <subfield code="a">13</subfield>
    <subfield code="b">13</subfield>
    <subfield code="d">2015-04-21</subfield>
    <subfield code="l">0</subfield>
    <subfield code="o">HV6025 O74 2009</subfield>
    <subfield code="p">13 002454</subfield>
    <subfield code="r">2015-04-21</subfield>
    <subfield code="t">1</subfield>
    <subfield code="w">2015-04-21</subfield>
    <subfield code="y">LB</subfield>
  </datafield>
  <datafield tag="952" ind1=" " ind2=" ">
    <subfield code="0">0</subfield>
    <subfield code="1">0</subfield>
    <subfield code="2">lcc</subfield>
    <subfield code="4">0</subfield>
    <subfield code="7">0</subfield>
    <subfield code="a">13</subfield>
    <subfield code="b">13</subfield>
    <subfield code="d">2015-04-21</subfield>
    <subfield code="l">0</subfield>
    <subfield code="o">HV6025 074 2009</subfield>
    <subfield code="p">13 002455</subfield>
    <subfield code="r">2015-04-21</subfield>
    <subfield code="t">2</subfield>
    <subfield code="w">2015-04-21</subfield>
    <subfield code="y">LB</subfield>
  </datafield>
  <datafield tag="999" ind1=" " ind2=" ">
    <subfield code="c">96423</subfield>
    <subfield code="d">96423</subfield>
  </datafield>
</record>
